[Event "Mittelfrank Regionalliga Sud-Ost 2223"]
[Site "Mittelfranken"]
[Date "2023.01.15"]
[Round "5.3"]
[White "Mooser, Nicolas"]
[Black "Hobmeier, Luis"]
[Result "1-0"]
[WhiteElo "2037"]
[BlackElo "1895"]
[PlyCount "93"]
[EventDate "2022.10.09"]
[EventType "team-tourn"]
[EventRounds "9"]
[EventCountry "GER"]
[SourceTitle "EXT 2024"]
[Source "ChessBase"]
[SourceDate "2023.10.10"]
[SourceVersion "1"]
[SourceVersionDate "2023.10.10"]
[SourceQuality "1"]
[WhiteTeam "Ergolding"]
[BlackTeam "Moosburg"]
[WhiteTeamCountry "GER"]
[BlackTeamCountry "GER"]

1. d4 Nf6 2. c4 g6 3. g3 Bg7 4. Bg2 0-0 5. Nf3 c6 6. 0-0 d5 7. cxd5 cxd5 8. Nc3 Nc6 9. Ne5 h6 10. Nxc6 bxc6 11. Bf4 a5 12. Rc1 Bf5 13. Be5 Qb6 14. Na4 Qb5 15. Rc5 Qa6 16. b3 Rfc8 17. Rc1 Qb5 18. Qd2 Bf8 19. Bxf6 exf6 20. Nc5 Re8 21. Rfe1 Rad8 22. e3 h5 23. Qc3 Rb8 24. Bf1 Qb6 25. Bd3 Bxd3 26. Qxd3 Rbc8 27. Rc3 Rc7 28. Rec1 Rec8 29. a3 Kg7 30. b4 axb4 31. axb4 Ra7 32. b5 Rca8 33. bxc6 Qxc6 34. Qe2 Bxc5 35. Rxc5 Qe6 36. Qf3 Ra1 37. Kg2 Rxc1 38. Rxc1 h4 39. g4 Ra5 40. Kh3 g5 41. Qf5 Qa6 42. Kg2 Qe2 43. Rc6 Ra8 44. Qxf6+ Kf8 45. Qh8+ Ke7 46. Rc7+ Ke6 47. Qe5# 1-0

[Event "Mittelfrank Regionalliga Sud-Ost 2223"]
[Site "Mittelfranken"]
[Date "2022.11.27"]
[Round "3.2"]
[White "Bergerhoff, Andreas"]
[Black "Mooser, Nicolas"]
[Result "0-1"]
[WhiteElo "2025"]
[BlackElo "2037"]
[PlyCount "68"]
[EventDate "2022.10.09"]
[EventType "team-tourn"]
[EventRounds "9"]
[EventCountry "GER"]
[SourceTitle "EXT 2024"]
[Source "ChessBase"]
[SourceDate "2023.10.10"]
[SourceVersion "1"]
[SourceVersionDate "2023.10.10"]
[SourceQuality "1"]
[WhiteTeam "Bruckmuehl"]
[BlackTeam "Ergolding"]
[WhiteTeamCountry "GER"]
[BlackTeamCountry "GER"]

1. d4 d5 2. Nc3 Nf6 3. Bf4 c5 4. e3 a6 5. Nf3 e6 6. Ne5 Nc6 7. g4 cxd4 8. exd4 Bb4 9. Nxc6 bxc6 10. a3 Ba5 11. b4 Bc7 12. Qf3 Bxf4 13. Qxf4 0-0 14. Be2 Re8 15. 0-0 e5 16. dxe5 Nd7 17. Na4 Nxe5 18. Rae1 Ra7 19. Qg3 Rae7 20. f3 Nxg4 21. fxg4 Rxe2 22. Rxe2 Rxe2 23. Rxf7 Qe8 24. Rf2 Rxf2 25. Qxf2 Qg6 26. Qb6 Qxg4+ 27. Kf2 Qh4+ 28. Ke3 Qg5+ 29. Kf2 Qd2+ 30. Kg3 Qe1+ 31. Kf4 g5+ 32. Kf3 Qe4+ 33. Kg3 Qf4+ 34. Kg2 Bh3+ 0-1

[Event "GER-chT U20"]
[Site "Kiel"]
[Date "2022.07.26"]
[Round "7.3"]
[White "Mooser, Nicolas"]
[Black "Suvorov, Alexander David"]
[Result "1-0"]
[WhiteElo "2025"]
[BlackElo "2371"]
[PlyCount "51"]
[EventDate "2022.07.22"]
[EventType "team-swiss"]
[EventRounds "7"]
[EventCountry "GER"]
[SourceTitle "CBM 209 Extra"]
[Source "ChessBase"]
[SourceDate "2022.09.30"]
[SourceVersion "1"]
[SourceVersionDate "2022.09.30"]
[SourceQuality "1"]
[WhiteTeam "Ergolding"]
[BlackTeam "Porz SG"]
[WhiteTeamCountry "GER"]
[BlackTeamCountry "GER"]

1. d4 Nf6 2. c4 g6 3. g3 Bg7 4. Bg2 0-0 5. Nf3 d6 6. 0-0 c6 7. Nc3 Qa5 8. h3 Be6 9. Qd3 Qa6 10. b3 d5 11. Ne5 dxc4 12. Nxc4 Rd8 13. Bb2 Nbd7 14. Rfd1 Nb6 15. Ne5 Qa5 16. Qc2 Rac8 17. Rac1 Nfd7 18. Nf3 Nf8 19. e3 c5 20. dxc5 Qxc5 21. Qe2 Qa5 22. Nd4 Bxd4 23. exd4 Nd5 24. Bxd5 Bxd5 25. b4 Rxc3 26. bxa5 1-0

[Event "GER-chT U20"]
[Site "Kiel"]
[Date "2022.07.24"]
[Round "3.5"]
[White "Mooser, Nicolas"]
[Black "Goldbeck, Lars"]
[Result "0-1"]
[WhiteElo "2025"]
[BlackElo "2228"]
[PlyCount "92"]
[EventDate "2022.07.22"]
[EventType "team-swiss"]
[EventRounds "7"]
[EventCountry "GER"]
[SourceTitle "CBM 209 Extra"]
[Source "ChessBase"]
[SourceDate "2022.09.30"]
[SourceVersion "1"]
[SourceVersionDate "2022.09.30"]
[SourceQuality "1"]
[WhiteTeam "Ergolding"]
[BlackTeam "Regensburg Bavaria"]
[WhiteTeamCountry "GER"]
[BlackTeamCountry "GER"]

1. d4 Nf6 2. c4 e6 3. g3 Bb4+ 4. Bd2 a5 5. Bg2 0-0 6. Nf3 d5 7. 0-0 Be7 8. b3 c6 9. Qc2 Nbd7 10. Rd1 b5 11. Bc1 Ne4 12. Nbd2 f5 13. Ne5 Nxe5 14. dxe5 Qb6 15. Nxe4 fxe4 16. e3 Ba6 17. Bf1 Rad8 18. Rb1 Kh8 19. Bb2 c5 20. a4 b4 21. Rbc1 Bb7 22. Bg2 Qc6 23. Rd2 Qe8 24. h4 dxc4 25. Rxd8 Qxd8 26. bxc4 Qe8 27. Rd1 Qc6 28. Rd2 Rd8 29. Rxd8+ Bxd8 30. Qd1 Be7 31. Bh3 Ba6 32. Bf1 Bc8 33. Bg2 Kg8 34. h5 Qd7 35. Qg4 Qxa4 36. Bxe4 Qe8 37. f4 Bf8 38. h6 g6 39. Bc2 a4 40. Qh3 Qd7 41. Qh2 b3 42. Be4 Qd1+ 43. Kg2 Qe2+ 44. Kh3 Qh5+ 45. Kg2 Qe2+ 46. Kh3 Qxe3 0-1

[Event "GER-ch U18"]
[Site "Willingen"]
[Date "2021.08.27"]
[Round "7"]
[White "Mooser, Nicolas"]
[Black "Biermann, Lenhard"]
[Result "1/2-1/2"]
[WhiteElo "2107"]
[BlackElo "2160"]
[PlyCount "176"]
[EventDate "2021.08.22"]
[EventType "swiss"]
[EventRounds "9"]
[EventCountry "GER"]
[SourceTitle "EXT 2022"]
[Source "ChessBase"]
[SourceDate "2021.10.06"]
[SourceVersion "1"]
[SourceVersionDate "2021.10.06"]
[SourceQuality "1"]

1. d4 e6 2. c4 f5 3. g3 Nf6 4. Bg2 g6 5. Nf3 Bg7 6. 0-0 0-0 7. Nc3 d6 8. b3 Nc6 9. Bb2 Qe7 10. Re1 Ne4 11. Rc1 Nxc3 12. Bxc3 e5 13. e3 a5 14. a3 e4 15. Nd2 Bd7 16. b4 axb4 17. axb4 Kh8 18. b5 Nd8 19. Qb3 Nf7 20. Bb4 c5 21. bxc6 bxc6 22. c5 d5 23. Ra1 g5 24. Rxa8 Rxa8 25. Bc3 f4 26. Qb7 Re8 27. Ra1 Nd8 28. Qc7 Ne6 29. Qb7 Nd8 30. Qc7 Ne6 31. Qb7 Nxc5 32. dxc5 Bxc3 33. Ra7 Bxd2 34. Qb2+ Qe5 35. Qxd2 fxe3 36. fxe3 Re7 37. Qa5 Be8 38. Rxe7 Qxe7 39. Bh3 Kg7 40. Bf5 Bg6 41. Bxg6 Kxg6 42. Qb6 Qe6 43. Qd8 Kf5 44. Qf8+ Kg6 45. Qd8 h5 46. h3 Qf6 47. Qa8 Kh6 48. Qa6 Kg7 49. Qa7+ Kg6 50. Qa8 Kh6 51. Qa6 d4 52. Qa1 Qf3 53. Qxd4 Qxg3+ 54. Kf1 Qxh3+ 55. Ke1 Qe6 56. Qd6 Qg6 57. Qf8+ Qg7 58. Qd6+ Qg6 59. Qf8+ Kh7 60. Qe7+ Kg8 61. Qd8+ Kg7 62. Qe7+ Kg8 63. Qd8+ Kg7 64. Qe7+ Qf7 65. Qxg5+ Kh7 66. Qe5 Qg6 67. Qe7+ Kg8 68. Qd8+ Kg7 69. Qe7+ Kh6 70. Qf8+ Qg7 71. Qf4+ Qg5 72. Qf8+ Kh7 73. Qf7+ Kh6 74. Qf8+ Kg6 75. Qg8+ Kf5 76. Qc8+ Ke5 77. Qh8+ Ke6 78. Kd2 Qd5+ 79. Ke2 Qd3+ 80. Kf2 Qd2+ 81. Kf1 Qc1+ 82. Kf2 Qxc5 83. Qe8+ Kf6 84. Qh8+ Ke6 85. Qe8+ Kd5 86. Qg8+ Ke5 87. Qg5+ Kd6 88. Qd8+ Ke6 1/2-1/2

[Event "GER-chT U16"]
[Site "Willingen"]
[Date "2021.06.25"]
[Round "4.3"]
[White "Mooser, Nicolas"]
[Black "Bethke, Richard"]
[Result "0-1"]
[WhiteElo "2148"]
[BlackElo "2332"]
[PlyCount "108"]
[EventDate "2021.06.23"]
[EventType "team-swiss"]
[EventRounds "7"]
[EventCountry "GER"]
[SourceTitle "CBM 203 Extra"]
[Source "ChessBase"]
[SourceDate "2021.09.30"]
[SourceVersion "1"]
[SourceVersionDate "2021.09.30"]
[SourceQuality "1"]
[WhiteTeam "Ergolding FC"]
[BlackTeam "Neuberg"]
[WhiteTeamCountry "GER"]
[BlackTeamCountry "GER"]

1. d4 d5 2. c4 e6 3. g3 Nf6 4. Bg2 Bb4+ 5. Bd2 Bd6 6. Nf3 c6 7. 0-0 0-0 8. b3 Ne4 9. Nc3 f5 10. Qc2 Nd7 11. Bf4 Bxf4 12. gxf4 b6 13. e3 Bb7 14. Ne1 Rc8 15. Ne2 c5 16. Rc1 dxc4 17. bxc4 cxd4 18. Nxd4 Bd5 19. Qe2 e5 20. Nb3 Be6 21. Nf3 Qc7 22. fxe5 Nxe5 23. Nxe5 Qxe5 24. Nd4 Bf7 25. Rfd1 Rc5 26. Qd3 Rfc8 27. Nxf5 Nxf2 28. Qd8+ Rxd8 29. Rxd8+ Be8 30. Nd6 Rc8 31. Rxc8 Qxd6 32. Rxe8+ Kf7 33. Rc8 Ng4 34. Bd5+ Ke7 35. Rc2 Nxe3 36. Re2 Qg6+ 37. Bg2 Qb1+ 38. Kf2 Qf5+ 39. Bf3 Qxc8 40. Rxe3+ Kd6 41. Bd5 Qf5+ 42. Kg3 h5 43. h3 g5 44. Ra3 Qf4+ 45. Kg2 Qd2+ 46. Kg3 Qe1+ 47. Kf3 Qf1+ 48. Kg3 Qg1+ 49. Bg2 h4+ 50. Kf3 Qd1+ 51. Kf2 Qd2+ 52. Kf3 Qf4+ 53. Ke2 Qe5+ 54. Kf1 Qa1+ 0-1

[Event "GER-chT U16"]
[Site "Willingen"]
[Date "2021.06.25"]
[Round "3.4"]
[White "Payes Kanders, Valentin"]
[Black "Mooser, Nicolas"]
[Result "0-1"]
[WhiteElo "1498"]
[BlackElo "2148"]
[PlyCount "94"]
[EventDate "2021.06.23"]
[EventType "team-swiss"]
[EventRounds "7"]
[EventCountry "GER"]
[SourceTitle "CBM 203 Extra"]
[Source "ChessBase"]
[SourceDate "2021.09.30"]
[SourceVersion "1"]
[SourceVersionDate "2021.09.30"]
[SourceQuality "1"]
[WhiteTeam "Essen Katernberg"]
[BlackTeam "Ergolding FC"]
[WhiteTeamCountry "GER"]
[BlackTeamCountry "GER"]

1. e4 c5 2. Nf3 e6 3. d4 cxd4 4. Nxd4 Nc6 5. Nc3 Qc7 6. Be3 a6 7. f3 Nf6 8. Qd2 Be7 9. g4 b5 10. g5 Nh5 11. Nce2 Bb7 12. 0-0-0 Rc8 13. Kb1 0-0 14. Bg2 d5 15. f4 dxe4 16. Bxe4 Nxd4 17. Bxb7 Qxb7 18. Nxd4 Rfd8 19. Qe2 g6 20. Rhe1 Rd5 21. Rd3 Rcd8 22. Red1 Bf8 23. Bc1 Qb6 24. Nf3 Rxd3 25. Rxd3 Rxd3 26. Qxd3 Bd6 27. Qe4 Qf2 28. b3 Qf1 29. Kb2 Ba3+ 30. Kxa3 Qxc1+ 31. Kb4 Nxf4 32. Qa8+ Kg7 33. Qe4 Nd5+ 34. Kc5 Qa3+ 35. Kc6 Qb2 36. Qd4+ Qxd4 37. Nxd4 Nb4+ 38. Kb6 e5 39. Nxb5 axb5 40. Kxb5 Nxa2 41. Kc4 f5 42. b4 Nxb4 43. Kxb4 f4 44. Kc3 Kf7 45. Kd3 Ke6 46. Ke4 Kd6 47. c3 Kc5 0-1

[Event "Pfalz op-A 11th"]
[Site "Neustadt an der Weinstrasse"]
[Date "2020.02.23"]
[Round "5"]
[White "Mooser, Nicolas"]
[Black "Elier, Ali"]
[Result "1/2-1/2"]
[WhiteElo "2216"]
[BlackElo "2002"]
[PlyCount "36"]
[EventDate "2020.02.21"]
[EventType "swiss"]
[EventRounds "9"]
[EventCountry "GER"]
[SourceTitle "CBM 195 Extra"]
[Source "ChessBase"]
[SourceDate "2020.05.31"]
[SourceVersion "1"]
[SourceVersionDate "2020.05.31"]
[SourceQuality "1"]

1. d4 Nf6 2. c4 e6 3. g3 d5 4. Bg2 Be7 5. Nf3 0-0 6. 0-0 dxc4 7. Qc2 b5 8. a4 b4 9. Nbd2 Bb7 10. Nxc4 Be4 11. Qd1 c5 12. dxc5 Bxc5 13. Qxd8 Rxd8 14. Nfe5 Bxg2 15. Kxg2 Nbd7 16. Nd3 Be7 17. b3 Nd5 18. Bb2 Bf6 1/2-1/2

[Event "Bayern-chI Bank Hofmann 23rd"]
[Site "Tegernsee"]
[Date "2019.10.29"]
[Round "4"]
[White "Mooser, Nicolas"]
[Black "Donchenko, Anatoly G"]
[Result "0-1"]
[WhiteElo "1999"]
[BlackElo "2229"]
[PlyCount "120"]
[EventDate "2019.10.26"]
[EventType "swiss"]
[EventRounds "9"]
[EventCountry "GER"]
[SourceTitle "CBM 192 Extra"]
[Source "Chessbase"]
[SourceDate "2019.11.06"]
[SourceVersion "1"]
[SourceVersionDate "2019.11.06"]
[SourceQuality "1"]

1. d4 d5 2. c4 c6 3. Nc3 Nf6 4. e3 e6 5. Nf3 Nbd7 6. Qc2 Be7 7. Bd3 dxc4 8. Bxc4 c5 9. 0-0 a6 10. dxc5 Bxc5 11. Rd1 Qc7 12. Be2 0-0 13. a3 b5 14. b4 Be7 15. Bb2 Bb7 16. Rac1 Rac8 17. Qb1 Qb8 18. Qa1 Rfd8 19. Nb1 Rxc1 20. Rxc1 Rc8 21. Nbd2 Bd5 22. Bd4 Bf8 23. Bd3 Rxc1+ 24. Qxc1 e5 25. e4 exd4 26. exd5 Nxd5 27. Nxd4 g6 28. Qc6 Ne5 29. Qxd5 Nxd3 30. Ne4 Qe5 31. Qxe5 Nxe5 32. Nb3 Nc4 33. Nec5 Nxa3 34. Nxa6 Nc2 35. Nc7 Nxb4 36. Nxb5 f5 37. N5d4 Kf7 38. f4 Nd3 39. g3 Nc5 40. Kg2 Nxb3 41. Nxb3 Bg7 42. Nd2 Bf6 43. Kf3 Ke6 44. Nf1 Bd4 45. Ne3 Kd6 46. h3 Bxe3 47. Kxe3 Kc5 48. Kd3 Kd5 49. Ke3 Kc4 50. Ke2 Kd4 51. Kd2 Ke4 52. Ke2 h6 53. h4 Kd4 54. Kf2 Kd3 55. Kf3 Kd2 56. Kf2 h5 57. Kg2 Ke2 58. Kh2 Kf2 59. Kh3 Kg1 60. g4 fxg4+ 0-1

[Event "Bayernliga U20 1819"]
[Site "Bayern"]
[Date "2019.01.26"]
[Round "5.2"]
[White "Huber, Benedikt"]
[Black "Mooser, Nicolas"]
[Result "0-1"]
[WhiteElo "2052"]
[BlackElo "2014"]
[PlyCount "62"]
[EventDate "2018.11.17"]
[EventType "team-tourn"]
[EventRounds "6"]
[EventCountry "GER"]
[SourceTitle "EXT 2022"]
[Source "ChessBase"]
[SourceDate "2021.10.06"]
[SourceVersion "1"]
[SourceVersionDate "2021.10.06"]
[SourceQuality "1"]
[WhiteTeam "Muenchen Suedost SK U20"]
[BlackTeam "Ergolding FC U20"]
[WhiteTeamCountry "GER"]
[BlackTeamCountry "GER"]

1. d4 d5 2. Bf4 e6 3. e3 Nf6 4. Nf3 Bd6 5. Bg3 c5 6. c3 0-0 7. Nbd2 Qc7 8. Bxd6 Qxd6 9. Ne5 Nbd7 10. f4 b6 11. Bd3 Bb7 12. Qf3 Ne8 13. Qh3 Ndf6 14. 0-0 Ne4 15. Bxe4 dxe4 16. f5 exf5 17. Qxf5 Nf6 18. g4 cxd4 19. cxd4 Qb4 20. Rf2 Rae8 21. Raf1 Nd5 22. a3 Qe7 23. Qd7 Nxe3 24. Rxf7 Qxd7 25. Rxf8+ Rxf8 26. Rxf8+ Kxf8 27. Nxd7+ Ke7 28. Ne5 Nc2 29. Nec4 e3 30. Nxe3 Nxe3 31. Nb3 Bd5 0-1

[Event "Erfurt op 28th"]
[Site "Erfurt"]
[Date "2018.12.28"]
[Round "4"]
[White "Mooser, Nicolas"]
[Black "Rewitz, Poul"]
[Result "0-1"]
[WhiteElo "2032"]
[BlackElo "2240"]
[PlyCount "102"]
[EventDate "2018.12.26"]
[EventType "swiss"]
[EventRounds "8"]
[EventCountry "GER"]
[SourceTitle "CBM 188 Extra"]
[Source "ChessBase"]
[SourceDate "2019.02.28"]
[SourceVersion "1"]
[SourceVersionDate "2019.02.28"]
[SourceQuality "1"]

1. d4 c6 2. Nf3 g6 3. g3 Bg7 4. Bg2 f5 5. 0-0 Nf6 6. b3 0-0 7. Bb2 d6 8. Nbd2 Na6 9. c4 Qe8 10. Qc2 Kh8 11. Rae1 h6 12. e4 Nh7 13. a3 g5 14. e5 d5 15. Nb1 Nc7 16. Nc3 Be6 17. Na4 b6 18. h3 Rc8 19. c5 b5 20. Nc3 a5 21. Nh2 f4 22. g4 Bf7 23. f3 Bg6 24. Qd2 Ne6 25. Rf2 Qf7 26. Rd1 Rfd8 27. Na2 Ra8 28. Bc3 a4 29. bxa4 Rxa4 30. Bb4 Rda8 31. Nc3 R4a7 32. Ra1 Nhf8 33. Re2 Bh7 34. Kf2 Qg6 35. Rd1 Nd7 36. Ree1 Nb8 37. Bf1 Na6 38. Kg1 Nxb4 39. axb4 Ra3 40. Rc1 h5 41. Rcd1 Qc2 42. Bxb5 cxb5 43. Nxd5 hxg4 44. hxg4 Nxd4 45. Qxd4 Ra2 46. Rd2 Qxd2 47. Qxd2 Rxd2 48. Nb6 Raa2 49. Nf1 Rdc2 50. Rd1 Bxe5 51. Rd8+ Kg7 0-1

[Event "Heusenstamm Sparkassen op-A 5th"]
[Site "Heusenstamm"]
[Date "2018.11.22"]
[Round "1"]
[White "Mooser, Nicolas"]
[Black "Schubert, Nikita"]
[Result "0-1"]
[WhiteElo "2095"]
[BlackElo "1845"]
[PlyCount "110"]
[EventDate "2018.11.22"]
[EventType "swiss"]
[EventRounds "7"]
[EventCountry "GER"]
[SourceTitle "CBM 188 Extra"]
[Source "ChessBase"]
[SourceDate "2019.02.28"]
[SourceVersion "1"]
[SourceVersionDate "2019.02.28"]
[SourceQuality "1"]

1. d4 Nf6 2. c4 e6 3. g3 d5 4. Bg2 Be7 5. Nf3 0-0 6. 0-0 dxc4 7. Nc3 c5 8. dxc5 Nc6 9. Nd2 Nd5 10. Nxc4 Nxc3 11. bxc3 Bxc5 12. Bf4 Qf6 13. Qb3 e5 14. Be3 Bxe3 15. Nxe3 Rb8 16. Nd5 Qh6 17. Rfd1 Be6 18. Qa3 Rfc8 19. Rab1 Qh5 20. Rd2 f6 21. Qd6 Qf7 22. Rbd1 h6 23. c4 Kh8 24. Qa3 b6 25. e4 Nd4 26. Rc1 Rc5 27. Qb4 Rbc8 28. a4 Bg4 29. Kh1 Be2 30. Ne3 Bxc4 31. Nf5 Ba6 32. Rg1 Nxf5 33. exf5 Rc4 34. Qb3 Qc7 35. h4 Bb7 36. Rgd1 Bxg2+ 37. Kxg2 Qc6+ 38. Kh2 Qxa4 39. Qf3 Rd4 40. Rxd4 exd4 41. Re1 Qd7 42. Rd1 Rd8 43. Qd3 b5 44. Rb1 a6 45. Ra1 Qc6 46. Ra3 Qc4 47. Qd2 b4 48. Ra4 Qc3 49. Qd1 d3 50. Rxa6 d2 51. Ra7 Qd4 52. Rb7 Qxf2+ 53. Kh3 Qxf5+ 54. Kh2 Qf2+ 55. Kh3 Qe1 0-1

[Event "Bayernliga U20 1819"]
[Site "Bayern"]
[Date "2018.11.17"]
[Round "1.2"]
[White "Mooser, Nicolas"]
[Black "Oberhofer, Cedric"]
[Result "0-1"]
[WhiteElo "2014"]
[BlackElo "2216"]
[PlyCount "104"]
[EventDate "2018.11.17"]
[EventType "team-tourn"]
[EventRounds "6"]
[EventCountry "GER"]
[SourceTitle "EXT 2022"]
[Source "ChessBase"]
[SourceDate "2021.10.06"]
[SourceVersion "1"]
[SourceVersionDate "2021.10.06"]
[SourceQuality "1"]
[WhiteTeam "Ergolding FC U20"]
[BlackTeam "Regensburg Bavaria U20"]
[WhiteTeamCountry "GER"]
[BlackTeamCountry "GER"]

1. d4 Nf6 2. c4 c5 3. Nf3 e6 4. g3 cxd4 5. Nxd4 Nc6 6. Nc3 Qb6 7. Ndb5 Ne5 8. Bg2 a6 9. Na3 Bxa3 10. bxa3 Nxc4 11. 0-0 0-0 12. e4 d6 13. Rb1 Qc7 14. Qd3 Bd7 15. Bg5 Rac8 16. Rbc1 Qa5 17. Bxf6 gxf6 18. Ne2 Bb5 19. Qf3 Ne5 20. Qxf6 Rxc1 21. Qg5+ Ng6 22. Rxc1 Qxa3 23. Nd4 Qxa2 24. h4 Qb2 25. Rd1 Ba4 26. Rd2 Qc1+ 27. Kh2 f6 28. Qh6 Ne5 29. Bh3 Bd7 30. Nxe6 Rf7 31. Bf5 Bxe6 32. Bxe6 Qxd2 33. Bxf7+ Kxf7 34. Qxh7+ Ke8 35. Qh8+ Ke7 36. Qh7+ Nf7 37. Kg2 a5 38. Qf5 Qb4 39. f3 a4 40. Qc8 Qb6 41. Qc4 Qc6 42. Qb4 b5 43. Qa5 Qc5 44. g4 a3 45. Qa6 b4 46. Qb7+ Kf8 47. g5 fxg5 48. hxg5 Qxg5+ 49. Kh3 Qc5 50. Kg4 Kg7 51. f4 a2 52. f5 a1Q 0-1

[Event "Deizisau op 13th"]
[Site "Deizisau"]
[Date "2018.10.28"]
[Round "5"]
[White "Mooser, Nicolas"]
[Black "Hartmann, Martin"]
[Result "1-0"]
[WhiteElo "1849"]
[BlackElo "2132"]
[PlyCount "81"]
[EventDate "2018.10.26"]
[EventType "swiss"]
[EventRounds "7"]
[EventCountry "GER"]
[SourceTitle "CBM 187 Extra"]
[Source "ChessBase"]
[SourceDate "2018.11.04"]
[SourceVersion "1"]
[SourceVersionDate "2018.11.04"]
[SourceQuality "1"]

1. d4 d5 2. c4 e6 3. Nf3 Nf6 4. g3 c5 5. Bg2 dxc4 6. 0-0 Be7 7. Qa4+ Nc6 8. Ne5 Bd7 9. Nxd7 Qxd7 10. dxc5 Bxc5 11. Qxc4 Bb6 12. Nc3 Rc8 13. Rd1 Qe7 14. Bf4 Ng4 15. Ne4 0-0 16. Bd6 Nxf2 17. Nxf2 Qf6 18. Qf4 Qxf4 19. Bxf4 Nd4 20. Bf3 Rc2 21. Rd2 Rfc8 22. Rad1 f6 23. Bd6 Rxd2 24. Rxd2 Nf5 25. Bb4 Rc1+ 26. Kg2 Ne3+ 27. Kh3 Rc4 28. Bc3 Nf1 29. Rd1 Nxh2 30. Kxh2 Bxf2 31. Rd8+ Kf7 32. Bh5+ g6 33. Bf3 Ke7 34. Rh8 h5 35. Rh7+ Kd6 36. Bxf6 e5 37. Rxb7 Ke6 38. Bg5 Kf5 39. Bd8 e4 40. Bg2 Rc2 41. Rf7+ 1-0

[Event "Oberbayern-ch"]
[Site "Groebenzell"]
[Date "2018.05.12"]
[Round "5.12"]
[White "Mooser, Nicolas"]
[Black "Heinz Leisenheimer, Matthias"]
[Result "0-1"]
[WhiteElo "1896"]
[BlackElo "1913"]
[PlyCount "82"]
[EventDate "2018.05.10"]
[EventType "swiss"]
[EventRounds "7"]
[EventCountry "GER"]
[SourceTitle "EXT 2022"]
[Source "ChessBase"]
[SourceDate "2021.10.06"]
[SourceVersion "1"]
[SourceVersionDate "2021.10.06"]
[SourceQuality "1"]

1. Nf3 d5 2. g3 Bg4 3. Bg2 Nd7 4. d4 c6 5. 0-0 Ngf6 6. c4 dxc4 7. Nc3 e6 8. h3 Bh5 9. e4 Bb4 10. d5 Ne5 11. g4 Nxf3+ 12. Bxf3 Bxc3 13. bxc3 Bg6 14. dxc6 Qxd1 15. Rxd1 Bxe4 16. Bxe4 Nxe4 17. cxb7 Rb8 18. Rb1 Ke7 19. Bf4 Nxc3 20. Bd6+ Kf6 21. Bxb8 Rxb8 22. Rd8 Rxd8 23. b8Q Rxb8 24. Rxb8 Ke5 25. a4 Nxa4 26. Kf1 Kd4 27. Ke1 Nc5 28. Ra8 a6 29. Kd1 Kc3 30. Ra7 Kb3 31. Rc7 Nd3 32. Rxf7 c3 33. Rb7+ Nb4 34. Rxg7 Kb2 35. Rc7 a5 36. f4 a4 37. Rc4 Kb3 38. f5 a3 39. Rc8 a2 40. Ra8 c2+ 41. Kd2 Kb2 0-1

[Event "Oberbayern Bezirksliga 1718"]
[Site "Germany"]
[Date "2018.03.18"]
[Round "8.3"]
[White "Mooser, Nicolas"]
[Black "Nikutowski, Oliver"]
[Result "1/2-1/2"]
[WhiteElo "1896"]
[BlackElo "1942"]
[PlyCount "54"]
[EventDate "2017.10.22"]
[EventType "team-tourn"]
[EventRounds "9"]
[EventCountry "GER"]
[SourceTitle "EXT 2019"]
[Source "ChessBase"]
[SourceDate "2018.10.10"]
[SourceVersion "1"]
[SourceVersionDate "2018.10.10"]
[SourceQuality "1"]
[WhiteTeam "Dorfen"]
[BlackTeam "Gauting"]
[WhiteTeamCountry "GER"]
[BlackTeamCountry "GER"]

1. Nf3 d5 2. g3 Bg4 3. Bg2 e6 4. 0-0 Bd6 5. c4 c6 6. cxd5 exd5 7. d3 Ne7 8. Nc3 0-0 9. Qb3 Qb6 10. h3 Bxf3 11. Bxf3 Nf5 12. Qxb6 axb6 13. a3 b5 14. e3 Na6 15. g4 Nh4 16. Bh1 f5 17. f4 Nc5 18. Rd1 Nb3 19. Rb1 d4 20. Nxb5 Bc5 21. exd4 Bb6 22. Be3 Rad8 23. Nc3 g5 24. Na4 Bxd4 25. Bxd4 Rxd4 26. Nc3 Rxf4 27. gxf5 Nf3+ 1/2-1/2